000 00694nam a2200253Ia 4500
001 Z_3322
003 CHAP
008 220113s1999 xx 000 0 und d
010 _a166431
040 _cCHAP
082 _aC 541.078 F56 1999
100 _aFlores Brito, Hilda
_941452
245 _aManual de laboratorio de fisicoquímica /
_cHilda Flores Brito
260 _aMéxico :
_bUACh. Departamento de Zootecnia,
_c1999
300 _aiii, 113 h.
503 _aej.2: fotocopias \ ej.3: fotocopias \ ej.4: fotocopias
650 _aFisicoquímica
_x
_x Manuales
_9140512
901 _aC 541.078 F56 1999
902 _aM
910 _a1999
942 _c1
942 _cc1
999 _c166431
_d166431